Badly Described Video Games - Statistics

General Stats
  • This quiz has been taken 553 times
  • The average score is 10 of 21
Answer Stats
Hint Answer % Correct
Plumber saves a girl that doesn't want him from a big lizard Super Mario Bros.
99%
Blue rat beats up smart fat guy Sonic The Hedgehog
86%
Birds hate pigs (call that pigotry) Angry Birds
82%
Player kidnaps animals to make them fight Pokemon
78%
Blocks Minecraft
77%
Pink guy sucking other people off Kirby
73%
Shoot people and build Fortnite
71%
Commit felonies and go to "shoe stores" GTA
70%
Main character likes to swordfight and moan Legend Of Zelda
61%
Red guy's brother finds a scary living destination Luigi's Mansion
58%
Make games on a game to play games with gamers Roblox
50%
Bosses are ugly and the game is too hard :( Elden Ring/Nightreign
39%
Object jumps over other objects Geometry Dash
36%
Player makes creatures breed and sing (even worse when they're younger) My Singing Monsters/ Dawn Of Fire
34%
Kid falls in a hole Undertale
31%
Superhero office job Dispatch
25%
Evil girl kills the schoolmates you wanted to be romantical with Doki Doki Literature Club
24%
Bug hivemind. Sequel no bug hivemind Hollow Knight/Silksong
13%
Every female character is fan service Marvel Rivals
8%
Toys come to life Poppy Playtime
2%
Fox machinery (I ain't talking a washing machine) Rachet And Clank
2%
No matching quizzes found
Score Distribution
Percent of People with Each Score
Percentile by Number Answered
Your Score History
You have not taken this quiz